000 00447nam a2200169Ia 4500
008 220805s9999 xx 000 0 und d
020 _a0-7134-8181-1
041 _aeng
082 _a746.92'024
100 _aCostantino, Maria
_987056
260 _aLondon
_bB T Batsford
_c1997
245 _aFashion files designers from haute
245 _bfrom haute couture to merchandising
250 _a1
300 _a96
650 _aFashion Design
_987057
999 _c47804
_d47804